000 00677nam a2200253Ia 4500
003 OSt
005 20220918164737.0
006 a|||||r|||| 00| 0
007 ta
008 220917b |||||||| |||| 00| 0 eng d
020 _a0745602894
024 _a3,263
037 _cTextual
040 _aARTS
_cARTS
_beng
041 _2eng
_aeng
082 _aWv, N0
100 _aJessop Bob
_920431
245 0 _aState theory
_b Putting the capitalist state in its place
260 _aCambridge
_bPolity Press
_c1990
300 _axii,413p Bibliography
_ccm.
650 _aPOLITICAL SCIENCE
942 _hWv, N0
_cTEXL
_2CC
999 _c126306
_d126306